Sports Quiz

Random Sports Quiz
Score 0/20 Timer 05:00
0 Plays Today
Hint Answer % Correct
Gareth Bale's first club in EnglandSouthampton
89.7%
The only Mexican player to win the Premier LeagueJavier Hernandez
89.1%
Aston Villa play this team in the Second City DerbyBirmingham City
77.5%
Year Mo Farah won his first gold medal2012
75.2%
US city where Seahawks, Mariners and Sounders playSeattle
74.4%
Andrea Pirlo finished his career at this MLS clubNew York City
73.7%
Championship club nicknamed 'The Owls'Sheffield Wednesday
65.4%
Year Tiger Woods won his first major1997
59.2%
Fred wears this number for Man United17
56.9%
Fenway Park is home to this MLB teamBoston Red Sox
56.5%
Hint Answer % Correct
Donncha O'Callaghan made 268 appearances for this Irish provinceMunster
53%
Who did Muhammad Ali fight in the Thrilla in Manila?Joe Frazier
51.5%
Top goalscorer at 2014 World CupJames Rodriguez
49.4%
NBA team in IndianaPacers
47.7%
Real Madrid signed Mesut Ozil from this German clubWerder Bremen
45.3%
Joel Matip made 27 appearances for this national teamCameroon
44.5%
PSG manager before Thomas TuchelUnai Emery
37.3%
Blackpool FC's home groundBloomfield Road
30.7%
Katie Taylor's last opponent was from the countrySpain
29.6%
Only English fighter to win a UFC titleMichael Bisping
27.1%
Remove Ads.
Support Sporcle.
Get the best of Sporcle when you Go Orange. This ad-free experience offers more features, more stats, and more fun while also helping to support Sporcle. Thank you for becoming a member.

You're not logged in!

Compare scores with friends on all Sporcle quizzes.
OR
Log In

Show Comments

Extras

Created Dec 4, 2020ReportNominate
Tags:arena, challenge, Daily, pundit

Top Quizzes Today


Score Distribution

Your Account Isn't Verified!

In order to create a playlist on Sporcle, you need to verify the email address you used during registration. Go to your Sporcle Settings to finish the process.

Report this User

Report this user for behavior that violates our Community Guidelines.

Details: